[Event "FIDE World Bl Team Pool D"]
[Site "London ENG"]
[Date "2025.06.14"]
[Round "9.2"]
[White "Banerjee, Supratit"]
[Black "Schneider Sanchez, Carlos D."]
[Result "1-0"]
[WhiteTitle "FM"]
[WhiteElo "2311"]
[BlackElo "2003"]
[WhiteTeam "English Knightmares"]
[BlackTeam "REY AHOGADO"]
[WhiteFideId "2410079"]
[BlackFideId "22230440"]
[EventDate "2025.06.14"]
[EventType "team"]

1. e4 c5 2. c3 e6 3. d4 a6 4. Nf3 d5 5. e5 Nc6 6. Be2 Qb6 7. O-O Nh6 8. Bxh6
gxh6 9. Qd2 Bd7 10. Na3 Bg7 11. Nc2 Ne7 12. dxc5 Qxc5 13. Ncd4 Ng6 14. Qe3 Qc7
15. Bd3 Nxe5 16. Nxe5 Qxe5 17. Qf3 Qf6 18. Qg3 Rc8 19. Rae1 O-O 20. f4 Kh8 21.
Re5 Rg8 22. Rh5 Bf8 23. Qh3 Rc7 24. Qf3 Bc5 25. Re5 Qg7 26. Qf2 f6 27. Re3 e5
28. Rg3 Qf7 29. fxe5 Rxg3 30. Qxg3 Qe7 31. exf6 Qf7 32. Qxc7 Bxd4+ 33. cxd4 1-0

[Event "FIDE World Bl Team Pool D"]
[Site "London ENG"]
[Date "2025.06.14"]
[Round "9.3"]
[White "Henriquez Garcia, David"]
[Black "Shearsby, Jude"]
[Result "0-1"]
[BlackTitle "CM"]
[WhiteElo "1905"]
[BlackElo "2160"]
[WhiteTeam "REY AHOGADO"]
[BlackTeam "English Knightmares"]
[WhiteFideId "2204320"]
[BlackFideId "462527"]
[EventDate "2025.06.14"]
[EventType "team"]

1. d4 Nc6 2. Nf3 d6 3. g3 Nf6 4. Bg2 g6 5. O-O Bg7 6. Nc3 O-O 7. e4 e5 8. dxe5
dxe5 9. Qxd8 Rxd8 10. Bg5 Re8 11. Bxf6 Bxf6 12. Nd5 Bd8 13. Rad1 Bg4 14. c3 f5
15. h3 Bh5 16. Rfe1 g5 17. Rd2 fxe4 18. Rxe4 Bg6 19. Re1 e4 20. Nd4 Ne5 21. Bxe4
Bxe4 22. Rxe4 Nf3+ 23. Nxf3 Rxe4 24. Ne3 Bf6 25. Rd7 Re7 26. Nd5 Rf7 27. Nxf6+
Rxf6 28. Nxg5 h6 29. Ne4 Rc6 30. Kg2 Re8 31. Rd4 Rce6 32. f3 c5 33. Rd7 R8e7 34.
Rd8+ Kg7 35. Rc8 b6 36. Ra8 Rd7 37. Kf2 a5 38. Ke3 Rd1 39. Ra7+ Kg6 40. Ra8 Rb1
41. b4 axb4 42. cxb4 Rxb4 43. Rg8+ Kh7 44. Rb8 Ra4 45. Kf4 Kg7 46. Rb7+ Kf8 47.
Kf5 Rc6 48. Nf6 Ra3 49. Rb8+ Ke7 50. Rb7+ Kd8 51. Rh7 Rxf3+ 52. Ke5 Rfxf6 53.
Rh8+ Kc7 0-1

[Event "FIDE World Bl Team Pool D"]
[Site "London ENG"]
[Date "2025.06.14"]
[Round "9.4"]
[White "Badacsonyi, Frankie"]
[Black "Cujba, Anca-Claudia"]
[Result "1-0"]
[WhiteTitle "FM"]
[WhiteElo "2189"]
[BlackElo "1741"]
[WhiteTeam "English Knightmares"]
[BlackTeam "REY AHOGADO"]
[WhiteFideId "460400"]
[BlackFideId "1215612"]
[EventDate "2025.06.14"]
[EventType "team"]

1. d4 Nf6 2. c4 g6 3. Nc3 Bg7 4. e4 d6 5. h3 a5 6. Be3 Na6 7. Nf3 c5 8. d5 Bd7
9. Be2 Qb6 10. Qd2 Qc7 11. O-O b6 12. Bf4 Qb7 13. Rfe1 Nc7 14. a4 Nh5 15. Bh2
O-O-O 16. e5 dxe5 17. Nxe5 Bf5 18. Nxf7 Ne6 19. Nxh8 Bxh8 20. Bxh5 gxh5 21. Be5
Nd4 22. Bxd4 Bxd4 23. Nb5 Bf6 24. Qf4 Bg6 25. d6 Qd7 26. dxe7 Bxe7 27. Rad1 Qxd1
28. Qc7# 1-0

[Event "FIDE World Bl Team Pool D"]
[Site "London ENG"]
[Date "2025.06.14"]
[Round "9.5"]
[White "Heimbaecher, Peter"]
[Black "Hng, Mei-En Emmanuelle"]
[Result "0-1"]
[BlackTitle "WFM"]
[WhiteElo "1804"]
[BlackElo "2136"]
[WhiteTeam "REY AHOGADO"]
[BlackTeam "English Knightmares"]
[WhiteFideId "24617431"]
[BlackFideId "5804566"]
[EventDate "2025.06.14"]
[EventType "team"]

1. e4 d6 2. Nc3 c5 3. Nf3 Nf6 4. Bb5+ Bd7 5. Be2 g6 6. d3 Bg7 7. h4 Nc6 8. Bg5
h6 9. Bd2 Rb8 10. a3 b5 11. Rb1 a5 12. Nd5 b4 13. axb4 axb4 14. c4 Nxd5 15. cxd5
Nd4 16. Nxd4 Bxd4 17. Qc1 Bg7 18. h5 g5 19. f4 gxf4 20. Bxf4 Ra8 21. b3 Ra2 22.
Bd2 e6 23. g4 exd5 24. exd5 Qe7 25. Rh2 Bxg4 26. Rg2 f5 27. Kd1 Qh4 28. Be1 Qh1
29. Rxg4 fxg4 30. Qf4 Qg2 31. Qe4+ Qxe4 32. dxe4 0-1

[Event "FIDE World Bl Team Pool D"]
[Site "London ENG"]
[Date "2025.06.14"]
[Round "9.1"]
[White "Nogerbek, Kazybek"]
[Black "Cancedda-Dupuis, Livio"]
[Result "1-0"]
[WhiteTitle "GM"]
[WhiteElo "2538"]
[BlackElo "2053"]
[WhiteTeam "Barys.kz"]
[BlackTeam "The London Legends"]
[WhiteFideId "13710427"]
[BlackFideId "499447"]
[EventDate "2025.06.14"]
[EventType "team"]

1. Nf3 Nf6 2. g3 e6 3. Bg2 d5 4. c4 Bd6 5. O-O O-O 6. d3 Nbd7 7. Nc3 c6 8. e4
dxe4 9. dxe4 Ne5 10. Nd2 Bc5 11. Nb3 Bb4 12. Qe2 Qd3 13. Qxd3 Nxd3 14. Ne2 Ne5
15. c5 Nd3 16. Be3 Ng4 17. Nf4 Nxb2 18. Bd4 Na4 19. e5 Bc3 20. Bxc3 Nxc3 21.
Rfe1 Nd5 22. Rac1 Nxf4 23. gxf4 Rd8 24. Na5 Kf8 25. Red1 Rxd1+ 26. Rxd1 g6 27.
Rb1 b6 28. Bxc6 Rb8 29. Bf3 Nh6 30. Nc4 Ba6 31. Nd6 Nf5 32. c6 Nd4 33. Kg2 Ke7
34. Rb4 Nxf3 35. Kxf3 Kd8 36. Ra4 Kc7 37. Rxa6 Kxc6 38. Rxa7 f6 39. Rxh7 fxe5
40. fxe5 Kd5 41. Nf7 Ra8 42. Rg7 Ra3+ 43. Kg2 Rxa2 44. Nd6 Kxe5 45. Nc4+ Kf6 46.
Rb7 Rc2 47. Nxb6 e5 48. Nd5+ Ke6 49. Ne3 Rc6 50. Rb4 Kf6 51. Rb6 Rxb6 52. Nd5+
Kf5 53. Nxb6 Ke4 54. Nd7 Kf5 55. Kg3 Ke6 56. Nc5+ Kd5 57. Nd3 Ke4 58. Ne1 Kf5
59. h3 Kg5 60. Nf3+ Kf5 61. Nd2 e4 62. h4 Ke5 63. Kg4 Kd4 64. Kg5 Kd3 65. Nxe4 1-0

[Event "FIDE World Bl Team Pool D"]
[Site "London ENG"]
[Date "2025.06.14"]
[Round "9.2"]
[White "Bryant, Harry"]
[Black "Makhnev, Denis"]
[Result "0-1"]
[BlackTitle "GM"]
[WhiteElo "2062"]
[BlackElo "2531"]
[WhiteTeam "The London Legends"]
[BlackTeam "Barys.kz"]
[WhiteFideId "489158"]
[BlackFideId "13707647"]
[EventDate "2025.06.14"]
[EventType "team"]

1. e4 e5 2. Nf3 Nc6 3. Bb5 a6 4. Ba4 Nge7 5. Nc3 d6 6. d4 b5 7. Bb3 Nxd4 8. Nxd4
exd4 9. Nd5 c6 10. Nxe7 Bxe7 11. O-O O-O 12. a4 Bf6 13. axb5 cxb5 14. f4 Bb7 15.
Qd3 Re8 16. e5 dxe5 17. fxe5 Rxe5 18. Qg3 Bd5 19. Bf4 Re6 20. Bxd5 Qxd5 21. Bh6
Be5 22. Rf5 Bxg3 23. Rxd5 Bxh2+ 24. Kxh2 Rxh6+ 25. Kg3 Rc6 26. Rxd4 g6 27. c3 h5
28. Rd5 Rb8 29. Rf1 Rb7 30. Rd8+ Kg7 31. Rf4 a5 32. Ra8 a4 33. Rb4 Rc5 34. Raxa4
Rg5+ 35. Kh3 Rc7 36. Ra5 Rcc5 37. Rf4 f5 38. Rd4 Re5 39. Ra7+ Kh6 40. Rd8 Re3+
41. Kh2 Rg4 42. Rd2 b4 43. cxb4 Rxb4 44. Rd6 Re2 45. b3 Rg4 46. Ra5 Rexg2+ 47.
Kh1 R2g3 48. Kh2 f4 49. Rf5 Rh4# 0-1

[Event "FIDE World Bl Team Pool D"]
[Site "London ENG"]
[Date "2025.06.14"]
[Round "9.3"]
[White "Mamedov, Edgar"]
[Black "Dasgupta, Avyukt"]
[Result "1/2-1/2"]
[WhiteTitle "IM"]
[WhiteElo "2509"]
[BlackElo "2125"]
[WhiteTeam "Barys.kz"]
[BlackTeam "The London Legends"]
[WhiteFideId "13739980"]
[BlackFideId "480630"]
[EventDate "2025.06.14"]
[EventType "team"]

1. d4 Nf6 2. c4 e6 3. Nf3 Bb4+ 4. Bd2 Bxd2+ 5. Qxd2 b6 6. Nc3 Bb7 7. e3 d6 8.
Bd3 Nbd7 9. e4 e5 10. d5 a5 11. O-O O-O 12. b3 Re8 13. Bc2 Nf8 14. a3 Ng6 15.
Ne2 Bc8 16. Ne1 Ba6 17. Bd3 Nh5 18. g3 Bc8 19. Ng2 Bh3 20. f3 Qd7 21. Rf2 Bxg2
22. Kxg2 Ne7 23. Qg5 g6 24. f4 f6 25. Qh4 Rf8 26. Raf1 Ng7 27. fxe5 fxe5 28.
Rxf8+ Rxf8 29. Rxf8+ Kxf8 30. Qxh7 Qg4 31. Qh6 Kf7 32. Qe3 Nh5 33. Qf3+ Qxf3+
34. Kxf3 Nf6 35. h4 Nd7 36. Nc3 Nc5 37. Bc2 Ng8 38. Nb5 Na6 39. Bd3 Nf6 40. Be2
Ne8 41. Ke3 Nc5 42. Bd1 Ke7 43. Nc3 Nf6 44. Bc2 Nh5 45. Kf3 Nf6 46. g4 Kf7 47.
Nb5 Ne8 48. g5 Na6 49. Kg4 Ng7 50. Kf3 Nh5 51. Bd1 Nf4 52. Bc2 Ke7 53. Nc3 Nc5
54. Nb5 Kd8 55. Nc3 Ke7 1/2-1/2

[Event "FIDE World Bl Team Pool D"]
[Site "London ENG"]
[Date "2025.06.14"]
[Round "9.4"]
[White "Vashisht-Pigem, Raman"]
[Black "Balabayeva, Xeniya"]
[Result "0-1"]
[BlackTitle "WGM"]
[WhiteElo "1965"]
[BlackElo "2352"]
[WhiteTeam "The London Legends"]
[BlackTeam "Barys.kz"]
[WhiteFideId "469734"]
[BlackFideId "13719688"]
[EventDate "2025.06.14"]
[EventType "team"]

1. e4 c6 2. Nf3 d5 3. exd5 cxd5 4. d4 a6 5. Bd3 Nc6 6. h3 e6 7. O-O Nf6 8. c3 h6
9. Re1 Bd6 10. a4 Qc7 11. Nbd2 Bd7 12. Nf1 O-O 13. Bd2 Bf4 14. Bxf4 Qxf4 15. Qd2
Qc7 16. Ng3 Na5 17. Qc2 b5 18. axb5 axb5 19. Ne5 Nc4 20. b3 Nd6 21. Qb2 Rxa1 22.
Rxa1 Rc8 23. Rc1 Qb6 24. Ra1 Be8 25. f4 Nfe4 26. Nxe4 dxe4 27. Be2 Nf5 28. Qd2
b4 29. Nc4 Qd8 30. Rd1 bxc3 31. Qxc3 Qd5 32. Bg4 Rd8 33. Bxf5 exf5 34. Ne3 Qe6
35. d5 Qg6 36. Qe5 Bd7 37. Rc1 Re8 38. Qd4 Bb5 39. d6 Rd8 40. Rd1 Bd3 41. Qe5
Rxd6 42. Qxf5 Qxf5 43. Nxf5 Rb6 44. Nd4 Rb4 45. Nf5 Rxb3 46. Rd2 g6 47. Ne3 Bb1
48. Kf2 Bd3 49. g4 Kg7 50. f5 Kf6 51. fxg6 fxg6 52. Nd5+ Ke5 53. Ne3 Rb1 54. Ra2
Rb4 55. Ra5+ Kd4 56. Rd5+ Kc3 57. Rd6 Rb2+ 58. Kg3 Re2 59. Nd5+ Kc4 60. Ne7 Re3+
61. Kh2 Rf3 62. Nxg6 Kc5 63. Re6 Kd5 64. Re5+ Kd4 65. Re6 e3 66. Rd6+ Ke4 67.
Re6+ Kd5 68. Re5+ Kd4 69. Re6 e2 70. Nh4 Re3 71. Rd6+ Kc5 72. Rxd3 Rxd3 73. Ng2
Rd1 74. Kg3 e1=Q+ 75. Nxe1 Rxe1 76. h4 Kd5 77. g5 hxg5 78. hxg5 Ke6 79. Kg4 Rg1+ 0-1

[Event "FIDE World Bl Team Pool D"]
[Site "London ENG"]
[Date "2025.06.14"]
[Round "9.5"]
[White "Kairbekova, Amina"]
[Black "Mokhber-Garcia, Sebastian"]
[Result "1-0"]
[WhiteTitle "WIM"]
[WhiteElo "2317"]
[BlackElo "1853"]
[WhiteTeam "Barys.kz"]
[BlackTeam "The London Legends"]
[WhiteFideId "13712799"]
[BlackFideId "499269"]
[EventDate "2025.06.14"]
[EventType "team"]

1. e4 e5 2. Nf3 Nc6 3. Bb5 Nf6 4. d3 Bc5 5. O-O Qe7 6. c3 a6 7. Ba4 b5 8. Bc2
Bb6 9. a4 Bb7 10. d4 d6 11. d5 Nb8 12. Qe2 c6 13. dxc6 Bxc6 14. Nh4 O-O 15. Nf5
Qe6 16. Na3 bxa4 17. Bg5 h6 18. Bxf6 Qxf6 19. Nc4 Bc7 20. Bxa4 d5 21. Bxc6 Nxc6
22. exd5 Qxf5 23. dxc6 Qe6 24. Rfe1 Rfe8 25. Na5 f6 26. Qe4 f5 27. Qc4 Kf7 28.
Red1 Bxa5 29. Qxe6+ Kxe6 30. Rxa5 Rec8 31. Rc5 Rc7 32. Re1 e4 33. f3 Kd6 34.
Rxf5 exf3 35. Rxf3 Kxc6 36. Re6+ Kd5 37. Rg6 Re7 38. h4 a5 39. h5 a4 40. Rg4 a3
41. bxa3 Rea7 42. c4+ Ke5 43. c5 Kd5 44. Rf5+ Ke6 45. Rf3 Kd5 46. Re3 1-0

[Event "FIDE World Bl Team Pool D"]
[Site "London ENG"]
[Date "2025.06.14"]
[Round "9.6"]
[White "Maton, Emily"]
[Black "Nurakyn, Suleiman"]
[Result "1-0"]
[WhiteElo "1980"]
[BlackElo "1773"]
[WhiteTeam "The London Legends"]
[BlackTeam "Barys.kz"]
[WhiteFideId "343120293"]
[BlackFideId "447003073"]
[EventDate "2025.06.14"]
[EventType "team"]

1. d4 Nf6 2. Nf3 g6 3. Bf4 Bg7 4. Nc3 d5 5. e3 O-O 6. Bd3 c5 7. Qd2 Nc6 8. O-O
cxd4 9. exd4 Bg4 10. Be2 Ne4 11. Nxe4 dxe4 12. Ng5 Bxe2 13. Qxe2 Qxd4 14. c3 Qd3
15. Qxe4 Qb5 16. Qc2 Rac8 17. Qb3 Qf5 18. Be3 b6 19. Nf3 Rfd8 20. Rfd1 e6 21.
Rxd8+ Rxd8 22. Rd1 Re8 23. Nd4 Nxd4 24. Bxd4 e5 25. Be3 Qe4 26. Qb5 Rc8 27. Qd7
Qa8 28. Qd5 Qb8 29. g3 h5 30. Qd6 Qb7 31. Qd5 Qa6 32. a3 h4 33. Qd3 Qa4 34. Qd7
Qc4 35. Qd5 Qg4 36. Qd7 Qc4 37. Qd5 Qe2 38. Qd3 Qf3 39. Re1 h3 40. Qf1 Qf5 41.
Qe2 Rd8 42. Rd1 Re8 43. Qd3 e4 44. Qf1 Qf3 45. Re1 Rd8 46. Bf4 b5 47. Re3 Qd1
48. Re1 Qd5 49. Qxh3 a5 50. Qg2 Re8 51. Qf1 b4 52. axb4 axb4 53. Qe2 bxc3 54.
bxc3 Bxc3 55. Rd1 Qf5 56. Qc2 Bf6 57. Re1 Qe6 58. Be3 Kg7 59. Qd2 Qc6 60. Bh6+
Kh7 61. Bg5 Bc3 62. Qc2 Qc4 63. Rc1 Rc8 64. Bd2 Bxd2 65. Qxc4 Rxc4 66. Rxc4 f5
67. Kg2 Kg7 68. Rc7+ Kf6 69. h4 e3 70. fxe3 Bxe3 71. Kf3 Bd4 72. Rc6+ Kf7 73.
Kf4 Bf6 74. Kf3 Be5 75. g4 f4 76. Ke4 Bb8 77. Rc8 Bd6 78. Rc6 Bb8 79. Rb6 1-0

[Event "FIDE World Bl Team Pool D"]
[Site "London ENG"]
[Date "2025.06.14"]
[Round "10.1"]
[White "Grischuk, Alexander"]
[Black "Cancedda-Dupuis, Livio"]
[Result "1-0"]
[WhiteTitle "GM"]
[WhiteElo "2667"]
[BlackElo "2053"]
[WhiteTeam "KazChess"]
[BlackTeam "The London Legends"]
[WhiteFideId "4126025"]
[BlackFideId "499447"]
[EventDate "2025.06.14"]
[EventType "team"]

1. e4 c5 2. Nc3 Nc6 3. Bb5 Nd4 4. Nf3 e6 5. O-O Ne7 6. Nxd4 cxd4 7. Ne2 Qb6 8.
a4 a6 9. Bd3 Nc6 10. c3 Be7 11. b4 O-O 12. a5 Qa7 13. cxd4 Nxd4 14. Bb2 Bf6 15.
Bxd4 Bxd4 16. Rc1 Be5 17. Kh1 d5 18. exd5 exd5 19. Qb3 Be6 20. f4 Bf6 21. f5 Bd7
22. Nf4 Bc6 23. Nxd5 Bxd5 24. Qxd5 Rad8 25. Qf3 Qd4 26. Bc4 b6 27. Bxa6 Qxb4 28.
axb6 Qxb6 29. Rc6 Qa5 30. d3 Qe5 31. Bc4 Rb8 32. Ra6 Rb2 33. Ra7 Qd4 34. Rb7 h6
35. g3 Rxb7 36. Qxb7 Qd6 37. Kg2 Qd4 38. Rf2 Qe3 39. Qf3 Qc1 40. Re2 Bd4 41. Qf1
Qg5 42. h4 Qf6 43. Qf4 Qb6 44. g4 Qc6+ 45. Qe4 Qxe4+ 46. Rxe4 Bf6 47. Kg3 Rd8
48. Re2 Kf8 49. Ra2 Rd7 50. Ra6 Ke7 51. Ra8 Be5+ 52. Kf3 Bf6 53. Kg3 Be5+ 54.
Kh3 Rc7 55. g5 hxg5 56. hxg5 Rd7 57. Ra5 Bc7 58. Ra6 Be5 59. g6 f6 60. Ra8 Bf4
61. Kg4 Bh6 62. Ra6 Rd4+ 63. Kg3 Rd6 64. Ra7+ Rd7 65. Ra8 Rd8 66. Ra2 Rd7 67.
Re2+ Kd8 68. Re4 Rd6 69. Kf3 Rd7 70. Ke2 Rd6 71. Be6 Kc7 72. Rh4 Kd8 73. Rxh6
gxh6 74. g7 1-0

[Event "FIDE World Bl Team Pool D"]
[Site "London ENG"]
[Date "2025.06.14"]
[Round "10.2"]
[White "Bryant, Harry"]
[Black "Rapport, Richard"]
[Result "0-1"]
[BlackTitle "GM"]
[WhiteElo "2062"]
[BlackElo "2714"]
[WhiteTeam "The London Legends"]
[BlackTeam "KazChess"]
[WhiteFideId "489158"]
[BlackFideId "738590"]
[EventDate "2025.06.14"]
[EventType "team"]

1. e4 c5 2. Nc3 Nc6 3. Nf3 g6 4. d4 cxd4 5. Nxd4 d6 6. Be3 Nf6 7. f3 h5 8. Bc4
Bd7 9. Qe2 Bg7 10. O-O-O Na5 11. Bb5 O-O 12. h4 Rc8 13. g4 Bxb5 14. Ndxb5 a6 15.
Nd4 Nc4 16. Bg5 Nxb2 17. Kxb2 Qb6+ 18. Nb3 Rxc3 19. Kxc3 Nxe4+ 20. Kd3 Nxg5 21.
hxg5 Rc8 22. Qd2 hxg4 23. c4 d5 24. c5 Qb5+ 25. Kc2 a5 26. Qd3 Qb4 27. Rb1 a4
28. Nd2 Qxc5+ 29. Kd1 g3 30. Re1 e6 0-1

[Event "FIDE World Bl Team Pool D"]
[Site "London ENG"]
[Date "2025.06.14"]
[Round "10.3"]
[White "Esipenko, Andrey"]
[Black "Dasgupta, Avyukt"]
[Result "1-0"]
[WhiteTitle "GM"]
[WhiteElo "2689"]
[BlackElo "2125"]
[WhiteTeam "KazChess"]
[BlackTeam "The London Legends"]
[WhiteFideId "24175439"]
[BlackFideId "480630"]
[EventDate "2025.06.14"]
[EventType "team"]

1. d4 d5 2. Nf3 Nf6 3. g3 Bg4 4. Ne5 Bf5 5. c4 c6 6. Nc3 e6 7. Qb3 Qb6 8. c5
Qxb3 9. axb3 Nbd7 10. Nxd7 Nxd7 11. b4 a6 12. Bg2 Rc8 13. f3 Be7 14. e4 Bg6 15.
Be3 O-O 16. O-O Nf6 17. h3 Bd8 18. g4 Bc7 19. Rad1 Rcd8 20. Kf2 e5 21. exd5 exd4
22. Bxd4 Nxd5 23. Nxd5 Rxd5 24. f4 Bxf4 25. Bxd5 cxd5 26. Be3 Be5 27. Rxd5 Bxb2
28. Bd4 Be4 29. Rd6 Bxd4+ 30. Rxd4 Bc6 31. Rfd1 f5 32. Rd8 fxg4+ 33. Rxf8+ Kxf8
34. hxg4 Kf7 35. Rd6 h6 36. Kg3 g6 37. Kf4 h5 38. gxh5 gxh5 39. Kg5 Ke7 40. Kxh5
Bd7 41. Kg5 Kd8 42. Kf6 Kc7 43. Ke5 Bc6 44. Rh6 Bg2 45. Rg6 Bc6 46. Rg7+ Kb8 47.
Kd6 Ka7 48. Kc7 Bb5 49. Rg6 Bd3 50. Rb6 Be4 51. b5 axb5 52. Rxb5 Ka6 53. Rb6+
Ka7 54. Rb4 Bc6 55. Rb1 Ka6 56. Rb6+ Ka7 57. Rxc6 bxc6 58. Kxc6 Ka8 59. Kd7 1-0

[Event "FIDE World Bl Team Pool D"]
[Site "London ENG"]
[Date "2025.06.14"]
[Round "10.4"]
[White "Patel, Zain"]
[Black "Sadvakasov, Darmen"]
[Result "1/2-1/2"]
[BlackTitle "GM"]
[WhiteElo "2045"]
[BlackElo "2629"]
[WhiteTeam "The London Legends"]
[BlackTeam "KazChess"]
[WhiteFideId "469246"]
[BlackFideId "13700464"]
[EventDate "2025.06.14"]
[EventType "team"]

1. Nf3 Nf6 2. d4 e6 3. c4 b6 4. g3 Bb7 5. Bg2 Be7 6. O-O O-O 7. Nc3 Ne4 8. Qc2
Nxc3 9. Qxc3 f5 10. Rd1 Bf6 11. Bf4 a5 12. Rac1 Na6 13. Qd2 Qe8 14. a3 a4 15. c5
bxc5 16. dxc5 e5 17. Nxe5 Bxg2 18. Kxg2 g5 19. Qd5+ Kh8 20. Nxd7 gxf4 21. Nxf8
Qxf8 22. Qxf5 Bxb2 23. Qxf8+ Rxf8 24. Rc4 Rf5 25. Rxa4 Nxc5 26. Rxf4 Rxf4 27.
gxf4 Bxa3 28. Kf3 Kg7 29. e4 Kf6 30. Rd5 Ne6 31. Rf5+ Kg7 32. Ra5 Bc1 33. f5
Nd4+ 34. Kg4 c6 35. f4 Ne2 36. Ra7+ Kg8 37. Rc7 Bxf4 38. Rxc6 Bxh2 39. f6 Be5
40. Re6 Bb2 41. e5 Kf8 42. Re7 Nd4 43. Rxh7 Nc6 44. Kf5 Bxe5 45. Kg6 Bxf6 46.
Kxf6 Ke8 47. Ke6 Nd4+ 48. Ke5 Nc6+ 49. Kd6 Nd4 50. Re7+ Kf8 51. Re4 Nf5+ 52. Ke6
Ng7+ 53. Kf6 Ne8+ 54. Kg6 Nd6 55. Re6 Ne8 56. Ra6 Ke7 57. Kf5 Nd6+ 58. Ke5 Nf7+
59. Kd5 Kf8 60. Ra7 Ke8 61. Ke6 Nd8+ 62. Kf6 Nc6 63. Rc7 Nd8 64. Re7+ Kf8 65.
Rd7 Ke8 66. Rd6 Nf7 67. Re6+ Kf8 68. Ra6 Nd8 69. Ra7 Ke8 70. Re7+ Kf8 71. Rd7
Ke8 72. Rd1 Nc6 73. Rh1 Kd7 74. Rd1+ Kc7 75. Ke6 Kb6 76. Kd6 Nb4 77. Rb1 Kb5 78.
Rb2 Kc4 79. Rh2 Nd3 80. Kc6 Ne5+ 81. Kb6 Kd5 82. Rd2+ Ke4 83. Re2+ Kd4 84. Rxe5
Kxe5 1/2-1/2

[Event "FIDE World Bl Team Pool D"]
[Site "London ENG"]
[Date "2025.06.14"]
[Round "10.5"]
[White "Kamalidenova, Meruert"]
[Black "Mokhber-Garcia, Sebastian"]
[Result "0-1"]
[WhiteTitle "IM"]
[WhiteElo "2330"]
[BlackElo "1853"]
[WhiteTeam "KazChess"]
[BlackTeam "The London Legends"]
[WhiteFideId "13712802"]
[BlackFideId "499269"]
[EventDate "2025.06.14"]
[EventType "team"]

1. e4 e5 2. Nf3 Nc6 3. Bb5 Nf6 4. O-O Nxe4 5. Re1 Nd6 6. Nxe5 Nxe5 7. Rxe5+ Be7
8. Bf1 O-O 9. d4 Bf6 10. Re1 Nf5 11. d5 d6 12. c3 Re8 13. Bf4 Bd7 14. Nd2 Bg5
15. Bxg5 Qxg5 16. Nf3 Qf4 17. Qb3 b6 18. Qc2 h6 19. Rad1 Qa4 20. b3 Qf4 21. Qd3
a5 22. g3 Qg4 23. h3 Qg6 24. Kh2 Ne7 25. Qxg6 Nxg6 26. Nd4 a4 27. Bb5 Bxb5 28.
Nxb5 Rec8 29. Kg2 axb3 30. axb3 Kf8 31. c4 Ne5 32. Ra1 Nd3 33. Red1 Rxa1 34.
Rxa1 Nc5 35. Ra3 Ke7 36. b4 Nd7 37. Ra7 Kd8 38. Nd4 Nf6 39. Nb5 Kd7 40. g4 h5
41. f3 hxg4 42. hxg4 g6 43. Ra2 Re8 44. Ra7 Rc8 45. Kg3 Ne8 46. g5 Ng7 47. f4
Nf5+ 48. Kf2 Ng7 49. Nd4 Re8 50. Kf3 Rc8 51. Ra2 Rh8 52. Rc2 Rh3+ 53. Ke4 Nh5
54. c5 Ng3+ 55. Kf3 Nf5+ 56. Kg2 Nxd4 57. Rd2 Rh2+ 58. Kxh2 Nf3+ 59. Kg3 Nxd2
60. c6+ Ke7 61. f5 gxf5 62. Kf4 Ne4 63. Kxf5 Nc3 64. g6 0-1

[Event "FIDE World Bl Team Pool D"]
[Site "London ENG"]
[Date "2025.06.14"]
[Round "10.6"]
[White "Maton, Emily"]
[Black "Aiten, Islam"]
[Result "0-1"]
[WhiteElo "1980"]
[BlackElo "1950"]
[WhiteTeam "The London Legends"]
[BlackTeam "KazChess"]
[WhiteFideId "343120293"]
[BlackFideId "13749420"]
[EventDate "2025.06.14"]
[EventType "team"]

1. d4 Nf6 2. Nf3 g6 3. Bf4 Bg7 4. Nc3 d5 5. e3 O-O 6. Bd3 c5 7. O-O Nc6 8. Qd2
c4 9. Be2 a6 10. a4 e6 11. Ne5 Nd7 12. Nxc6 bxc6 13. b3 cxb3 14. cxb3 e5 15.
dxe5 Nxe5 16. Rac1 Be6 17. Na2 Qd7 18. Nb4 Rab8 19. Bxe5 Bxe5 20. Nxc6 Bc7 21.
Nxb8 Rxb8 22. Qc3 Bd6 23. Qc6 Qe7 24. h3 Rxb3 25. Bxa6 Bxh3 26. gxh3 Qg5+ 27.
Kh1 Qe5 28. f4 Qe4+ 29. Kh2 Rb2+ 30. Kg3 Rg2+ 31. Kh4 g5+ 32. Kh5 Qg6# 0-1

[Event "FIDE World Bl Team Pool D"]
[Site "London ENG"]
[Date "2025.06.14"]
[Round "10.1"]
[White "Fernandez, Daniel Howard"]
[Black "Nogerbek, Kazybek"]
[Result "0-1"]
[WhiteTitle "GM"]
[BlackTitle "GM"]
[WhiteElo "2484"]
[BlackElo "2538"]
[WhiteTeam "English Knightmares"]
[BlackTeam "Barys.kz"]
[WhiteFideId "5801605"]
[BlackFideId "13710427"]
[EventDate "2025.06.14"]
[EventType "team"]

1. e4 e5 2. Nf3 Nc6 3. Nc3 Nf6 4. Bb5 Nd4 5. Ba4 Bd6 6. d3 Nxf3+ 7. Qxf3 O-O 8.
Bb3 Be7 9. Be3 d6 10. h3 Be6 11. g4 Nd7 12. Ne2 Bg5 13. h4 Bxe3 14. fxe3 a5 15.
c4 a4 16. Bc2 a3 17. b3 c5 18. Ng3 Qa5+ 19. Ke2 Qc3 20. Rac1 Nf6 21. Nf5 g6 22.
g5 Nh5 23. Nxd6 f6 24. Nb5 Qa5 25. Qg2 Bd7 26. gxf6 Rxf6 27. Rhf1 Raf8 28. Rxf6
Rxf6 29. Rf1 Rxf1 30. Kxf1 Bxb5 31. cxb5 Qxb5 32. Qg5 Qe8 33. Ke1 Kg7 34. Kd2 b5
35. b4 cxb4 36. d4 h6 37. Qxe5+ Qxe5 38. dxe5 Kf7 39. Kd3 Ng3 40. Kd4 Ne2+ 41.
Kc5 Nc1 42. Kxb5 b3 43. Bxb3+ 0-1

[Event "FIDE World Bl Team Pool D"]
[Site "London ENG"]
[Date "2025.06.14"]
[Round "10.2"]
[White "Makhnev, Denis"]
[Black "Badacsonyi, Stanley"]
[Result "0-1"]
[WhiteTitle "GM"]
[BlackTitle "FM"]
[WhiteElo "2531"]
[BlackElo "2300"]
[WhiteTeam "Barys.kz"]
[BlackTeam "English Knightmares"]
[WhiteFideId "13707647"]
[BlackFideId "486973"]
[EventDate "2025.06.14"]
[EventType "team"]

1. d4 Nf6 2. Nf3 g6 3. c4 Bg7 4. g3 d6 5. Bg2 O-O 6. Nc3 c5 7. h3 Nc6 8. Be3
cxd4 9. Nxd4 Bd7 10. O-O Rc8 11. b3 a6 12. Qd2 Ne8 13. Rac1 Nc7 14. Rfd1 Ne6 15.
Nxe6 fxe6 16. Na4 e5 17. Nb6 Rc7 18. Nd5 Rc8 19. c5 Nd4 20. Bg5 Bf6 21. Bxf6
exf6 22. cxd6 Rxc1 23. Rxc1 Bb5 24. Rc7 Rf7 25. Rc8 Qxc8 26. Ne7+ Rxe7 27. dxe7
Qd7 28. Qb4 Kf7 29. e3 Nc6 30. Qc5 Nxe7 31. a4 Bc6 32. e4 Qd4 33. Qc2 f5 34.
exf5 Bxg2 35. fxg6+ hxg6 36. Kxg2 e4 37. Qc7 Qd5 38. Kg1 Qxb3 39. Qf4+ Ke8 40.
Qxe4 Qd5 41. Qg4 b5 42. axb5 axb5 43. h4 Qc4 44. Qf3 b4 45. Qa8+ Nc8 46. Qa4+
Ke7 47. Kh2 Nd6 48. Qa7+ Ke6 49. Qe3+ Qe4 50. Qh6 b3 51. h5 b2 52. hxg6 Nf5 53.
Qf8 b1=Q 54. Qf7+ Ke5 55. g7 Qbh1# 0-1